The new Routledge Dutch dictionary : Dutch-English/English-Dutch (Record no. 878)
[ view plain ]
| 000 -LEADER | |
|---|---|
| fixed length control field | 00703nam a2200205Ii 4500 |
| 003 - CONTROL NUMBER IDENTIFIER | |
| control field | JO-AjNU |
| 008 - FIXED-LENGTH DATA ELEMENTS--GENERAL INFORMATION | |
| fixed length control field | 230606s9999||||xx |||||||||||||| ||und|| |
| 020 ## - INTERNATIONAL STANDARD BOOK NUMBER | |
| International Standard Book Number | 978-0-415-30041-4 |
| 040 ## - CATALOGING SOURCE | |
| Original cataloging agency | JO-AjNU |
| Language of cataloging | eng |
| Description conventions | rda |
| Transcribing agency | JO-AjNU |
| 041 ## - LANGUAGE CODE | |
| Language code of text/sound track or separate title | eng |
| 050 14 - LIBRARY OF CONGRESS CALL NUMBER | |
| Classification number | PF 640 .O77 2003 |
| 100 3# - MAIN ENTRY--PERSONAL NAME | |
| Personal name | Osselton, N. ؛ Hempelman, R, |
| Relator term | author |
| 9 (RLIN) | 1675 |
| 245 04 - TITLE STATEMENT | |
| Title | The new Routledge Dutch dictionary : Dutch-English/English-Dutch |
| 264 31 - PRODUCTION, PUBLICATION, DISTRIBUTION, MANUFACTURE, AND COPYRIGHT NOTICE | |
| Place of production, publication, distribution, manufacture | London ; New York: Routledge, 2003 |
| 300 ## - PHYSICAL DESCRIPTION | |
| Extent | 909p |
| 336 ## - CONTENT TYPE | |
| Content type term | text |
| Content type code | txt |
| Source | rdacontent |
| 337 ## - MEDIA TYPE | |
| Media type term | unmediated |
| Media type code | n |
| Source | rdamedia |
| 338 ## - CARRIER TYPE | |
| Carrier type term | volume |
| Carrier type code | nc |
| Source | rdacarrier |
| 650 #4 - SUBJECT ADDED ENTRY--TOPICAL TERM | |
| Topical term or geographic name entry element | Dutch language -- Dictionaries -- English -- English language -- Dictionaries -- Dutch |
| 9 (RLIN) | 1676 |
| Withdrawn status | Lost status | Source of classification or shelving scheme | Damaged status | Not for loan | Home library | Current library | Shelving location | Date acquired | Total Checkouts | Full call number | Barcode | Date last seen | Price effective from | Koha item type |
|---|---|---|---|---|---|---|---|---|---|---|---|---|---|---|
| Library of Congress Classification | Not For Loan | مكتبة جامعة عجلون الوطنية | مكتبة جامعة عجلون الوطنية | المراجع | 06/06/2023 | PF 640 .O77 2003 | E878 | 06/06/2023 | 06/06/2023 | Reference |